| 000 | 00558nam a2200145Ia 4500 | ||
|---|---|---|---|
| 008 | 100122s9999 xx 000 0 und d | ||
| 082 |
_b15923 _a920.054 |
||
| 100 | _aकेळकर न चि | ||
| 245 | _aगौतम बुध्द ते महात्मा गांधी | ||
| 260 |
_bनीलकंठ प्रकाशन _c1969 |
||
| 300 | _a142 | ||
| 630 | _aगौतम बुध्द ते महात्मा गांधी | ||
| 730 | _aगौतम बुध्द ते महात्मा गांधी | ||
| 942 | _cBOOK | ||
| 999 |
_c406055 _d406052 |
||